Online Catalogue and eLibrary

Tribune : (Record no. 2718)

MARC details
000 -LEADER
fixed length control field 00266nam a2200097Ia 4500
008 - FIXED-LENGTH DATA ELEMENTS--GENERAL INFORMATION
fixed length control field 240331s9999 xx 000 0 und d
082 ## - DDC Classification
Item Number - Author Mark TRI
100 ## - MAIN ENTRY--PERSONAL NAME
Personal name International Women's Tribune Centre. ed
245 #0 - TITLE STATEMENT
Title Tribune :
Remainder of title News Letters- January 1987-March 1989
942 ## - Koha item type (Biblio)
Koha item type Books in Stacks (Lending)
Holdings
Lost status Damaged status Collection code Home library Current library Shelving location Date acquired Full call number Accession Number Item type
    Lending WERC Library WERC Library Social Science Cupboard 03/31/2024 331.4 TRI 1516 Books in Stacks (Lending)

© WERC Library